书目信息 |
| 题名: |
会计师事务所转制、审计师知识资本与审计质量研究
|
|
| 作者: | 唐衍军 著 | |
| 分册: | ||
| 出版信息: | 大连 东北财经大学出版社 2020.6 |
|
| 页数: | 180页 | |
| 开本: | 24cm | |
| 丛书名: | 三友会计论丛 | |
| 单 册: | ||
| 中图分类: | F233.2 , F239.22 | |
| 科图分类: | ||
| 主题词: | 会计师事务所--hui ji shi shi wu suo--经济体制改革--研究--中国 , 审计人员--shen ji ren yuan--知识管理--研究--中国 , 审计--shen ji--质量管理--研究--中国 | |
| 电子资源: | ||
| ISBN: | 978-7-5654-3848-6 | |
| 000 | 01534oam2 2200313 450 | |
| 001 | 2161445552 | |
| 005 | 20210930094216.0 | |
| 010 | @a978-7-5654-3848-6@dCNY42.00 | |
| 100 | @a20201105d2020 em y0chiy0120 ea | |
| 101 | 0 | @achi |
| 102 | @aCN@b210000 | |
| 105 | @ay z 001yy | |
| 106 | @ar | |
| 200 | 1 | @a会计师事务所转制、审计师知识资本与审计质量研究@Ahui ji shi shi wu suo zhuai zhi shen ji shi zhi shi zi ben yu shen ji zhi liang yan jiu@dResearch on the accounting firms' organizational form transformation, auditor's knowledge capital and audit quality@f唐衍军著@zeng |
| 210 | @a大连@c东北财经大学出版社@d2020.6 | |
| 215 | @a180页@d24cm | |
| 225 | 2 | @a三友会计论丛@Asan you hui ji lun cong@h第17辑 |
| 300 | @a“十二五”辽宁省重点图书出版规划项目 国家自然科学基金项目 江西省自然科学基金项目研究成果 华东交通大学教材(专著)基金资助项目 | |
| 330 | @a本书主要内容包括:导论;文献综述;会计师事务所转制、审计师知识资本与审计质量的理论概述;会计师事务所转制、审计师知识资本与审计质量的机理分析。 | |
| 461 | 0 | @12001 @a三友会计论丛 |
| 510 | 1 | @aResearch on the accounting firms' organizational form transformation, auditor's knowledge capital and audit quality@zeng |
| 606 | 0 | @a会计师事务所@Ahui ji shi shi wu suo@x经济体制改革@x研究@y中国 |
| 606 | 0 | @a审计人员@Ashen ji ren yuan@x知识管理@x研究@y中国 |
| 606 | 0 | @a审计@Ashen ji@x质量管理@x研究@y中国 |
| 690 | @aF233.2@v5 | |
| 690 | @aF239.22@v5 | |
| 701 | 0 | @a唐衍军@Atang yan jun@4著 |
| 801 | 0 | @aCN@b百万庄@c20210928 |
| 905 | @b1302490-93@dF233.2@e646@f4 | |
| 会计师事务所转制、审计师知识资本与审计质量研究=Research on the accounting firms' organizational form transformation, auditor's knowledge capital and audit quality/唐衍军著.-大连:东北财经大学出版社,2020.6 |
| 180页;24cm.-(三友会计论丛.第17辑) |
| “十二五”辽宁省重点图书出版规划项目 国家自然科学基金项目 江西省自然科学基金项目研究成果 华东交通大学教材(专著)基金资助项目 |
| ISBN 978-7-5654-3848-6:CNY42.00 |
| 本书主要内容包括:导论;文献综述;会计师事务所转制、审计师知识资本与审计质量的理论概述;会计师事务所转制、审计师知识资本与审计质量的机理分析。 |
| ● |
| 相关链接 |
|
|
|
|
正题名:会计师事务所转制、审计师知识资本与审计质量研究
索取号:F233.2/646
 
预约/预借
| 序号 | 登录号 | 条形码 | 馆藏地/架位号 | 状态 | 备注 |
| 1 | 1302490 | 213024902 | 第一样本阅览室/ [索取号:F233.2/646] | 在馆 | |
| 2 | 1302491 | 213024911 | 第一借阅区/ [索取号:F233.2/646] | 在馆 | |
| 3 | 1302492 | 213024920 | 第一借阅区/ [索取号:F233.2/646] | 在馆 | |
| 4 | 1302493 | 213024939 | 第一借阅区/ [索取号:F233.2/646] | 在馆 |